Statystyki dla Państwa Azji- dwie pierwsze litery

Kliknij tutaj aby rozwiązać quiz!

Ogólne statystyki

  • Ten quiz został rozwiązany 14,113 razy
    (13,956 od ostatniego zresetowania)
  • Średni wynik to 31 z 49

Statystyki odpowiedzi

Państwo % poprawnych
Tajwan
99%
Chiny
95%
Japonia
90%
Kambodża
87%
Kazachstan
87%
Katar
87%
Indonezja
86%
Indie
86%
Armenia
85%
Arabia Saudyjska
85%
Tajlandia
85%
Tadżykistan
85%
Korea Północna
82%
Korea Południowa
82%
Rosja
82%
Turcja
76%
Turkmenistan
76%
Mongolia
73%
Irak
69%
Iran
69%
Pakistan
67%
Afganistan
66%
Azerbejdżan
64%
Bangladesz
63%
Bahrajn
63%
Wietnam
61%
Malediwy
60%
Malezja
60%
Uzbekistan
58%
Oman
57%
Kirgistan
56%
Jemen
56%
Izrael
54%
Laos
53%
Nepal
50%
Zjednoczone Emiraty Arabskie
49%
Gruzja
48%
Mjanma
46%
Bhutan
44%
Filipiny
44%
Jordania
40%
Syria
39%
Sri Lanka
37%
Kuwejt
37%
Singapur
35%
Liban
33%
Brunei
28%
Timor Wschodni
27%
Cypr
22%

Rozkład punktacji

Percentyl według liczby udzielonych odpowiedzi

Procent ludzi z każdym wynikiem

Twoja historia wyników

Nie rozwiązałeś tego quizu od ostatniego zresetowania